• 首页
  • 本馆介绍
  • 公告通知
  • 最新文献
  • 馆藏检索
  • 电子资源
  • 读者导购
  • 参考咨询
  • 我的图书馆
  • 登录
  • 详细信息显示
  • 放入我的书架
  • 预约/预借图书
  • 作者相关作品
  • 分类相关作品
  • 丛书相关作品
  • 出版社相关作品

书目信息

  • 表格格式
  • 工作单格式
  • 卡片格式
书名: Topics in inorganic and physical chemistry
作者: with contributions by M.J. Clarke ... [et al.].
分册号:
分册名:
出版地: Berlin ;
 
出版社: Springer-Verlag
出版时间: 1982.
页数: 178 p. :
开本: 25 cm.
丛书名: Structure and bonding
中图分类号:
科图分类号:
其他分类号: O6-53
主题词:
电子资源:
000 00909nam 2200277Ia 4504
001 E0751824379
003 OCoLC
005 20070301142506.01
008 030616s1982 gw a b 001 0 eng d
020    @a3540114548 (Berlin).
020    @a0387114548 (N.Y.).
035    @a.b36154477
040    @dWaOLN
090    @aP421/W80
090    @aO6-53
099    @dO6-53@ex5
245 00 @aTopics in inorganic and physical chemistry / @cwith contributions by M.J. Clarke ... [et al.].
260    @aBerlin ;@aNew York :@bSpringer-Verlag,@c1982.
300    @a178 p. :@bill. ;@c25 cm.
440  0 @aStructure and bonding ;@v50.
504    @aIncludes bibliographies and cumulative index.
650  0 @aChemical bonds.
650  0 @aChemistry, Physical and theoretical.
650  0 @aChemistry, Inorganic.
700 1  @aClarke, M. J.@q(Michael J.)
740 0  @aInorganic and physical chemistry.
    
    Topics in inorganic and physical chemistry / / with contributions by M.J. Clarke ... [et al.].-Berlin ; ; New York : : Springer-Verlag, , 1982.
    178 p. : : ill. ; ; 25 cm.- (Structure and bonding ; 50. )
    Includes bibliographies and cumulative index.
    
    ISBN 3540114548 (Berlin).
    
●
相关链接 在E读中查询图书 在五车中查询图书 在当当中查询图书 在豆瓣中查询图书


正题名:Topics in inorganic and physical chemistry     索取号:O6-53/x5         预约/预借

序号 登录号 条形码 馆藏地/架位号 状态 备注
1 180366   000636761   第四借阅区/ [索取号:O6-53/x5] 在馆    
2 180367   000636770   第四借阅区/ [索取号:O6-53/x5] 在馆    
3 180368   000636743   第四借阅区/ [索取号:O6-53/x5] 在馆    
4 180369   000636789   第四借阅区/ [索取号:O6-53/x5] 在馆    
5 183303   000636798   第二样本阅览室/ [索取号:O6-53/x5] 在馆    
唐山师范学院图书馆 欢迎您!
大连网信软件有限公司© 版权所有